| 000 | 00773nas a2200241 4500 | ||
|---|---|---|---|
| 001 | BR0808666 | ||
| 003 | BR-BrBNA | ||
| 005 | 20231205112905.0 | ||
| 007 | ta | ||
| 008 | 230509b bl.|||p| |||| 00| 00por d | ||
| 040 |
_aBR-BrBNA _bpor _cBiblioteca Nacional de Agricultura |
||
| 041 | _a(Pt) | ||
| 072 | _aP10 | ||
| 100 | 1 | _aNóbrega, C.L. da | |
| 100 | 1 | _aFerreira, A.P. | |
| 100 | 1 | _aRossman, P. | |
| 245 | 1 | _aContribuições para o desenvolvimento da capacidade de previsão de um modelo de qualidade de água | |
| 650 | _aÁGUA | ||
| 650 | _aQUALIDADE DA ÁGUA | ||
| 773 | 0 |
_tRevista Brasileira de Recursos Hídricos (Brazil) _xISSN 1414-381X _g(Apr-Jun 2006), v. 11(2) p. 71-83 _wBR0808666 |
|
| 909 |
_a202311 _bLúcia _c55 _dLúcia Elande |
||
| 942 |
_2AGRIS _n0 _cANA |
||
| 999 |
_c200618 _d200618 |
||